000 00474nam a22001697a 4500
005 20251108164929.0
008 250721s1993 xx 000 0 ara d
082 1 4 _a811.9565/منص
100 1 _aمنصور، محمد
245 1 0 _aرباعيات إبن سبعين /
264 1 _aعمان :
_bمنشورات وزارة الثقافة،
_c1993.
300 _a143ص
650 1 7 _aالشعر العربي
650 1 7 _aالأردن
942 _2ddc
_cBK
999 _c17733
_d17733